Christopher Nolan - Film - Statistics

Statistiche generali
  • Questo quiz è stato fatto 234 volte
  • Il punteggio medio è 8 su 12
Statistiche sulle risposte
Descrizione trama Film % Corretto
Un fisico conduce gli Stati Uniti d'America alla creazione della bomba atomica Oppenheimer
96%
Per salvare l'umanità, un astronauta deve viaggiare attraverso un buco nero Interstellar
94%
Un uomo ha sviluppato un modo per entrare nei sogni delle persone Inception
86%
Il supereroe più famoso di Gotham City affronta il suo più celebre e acerrimo nemico Il Cavaliere Oscuro
77%
Un dispositivo sconvolgente consente alle persone di viaggiare indietro nel tempomentre altri continuano a viaggiare in avanti Tenet
70%
La storia dell'evacuazione britannica dalla Francia nel 1940 Dunkirk
69%
Due illusionisti combattono per la supremazia con l'aiuto di uno strano dispositivoinventato da Nikola Tesla The Prestige
66%
Un miliardario viziato deve liberare Gotham City dal crimine Batman Begins
63%
Un uomo che soffre di amnesia anterograda usa le polaroid per scovare l'assassino di sua moglie Memento
59%
Gotham City deve essere salvata dal super cattivo Bane Il Cavaliere Oscuro - Il ritorno
50%
Il sole di mezzanotte in un villaggio di pescatori dell'Alaska interferisce con un indagine di omicidio Insomnia
31%
Uno scrittore che segue gli estranei per le strade di Londra viene trascinato dentro un mondo di criminalità Following
23%
Nessun quiz corrispondente trovato
Distribuzione punteggi
Percentuale di utenti per punteggio
Percentile per numero di risposta
I tuoi punteggi nel tempo
Non hai fatto questo quiz